[Event "Stay Safe Play From Home 151"]
[Site "T#646137Emanuel Laske"]
[Date "2020.05.17"]
[Round "3"]
[White "Edmatuag"]
[Black "Mepe_Nika"]
[Result "0-1"]
[WhiteElo "1648"]
[BlackElo "2311"]
[Annotator "RC"]
[PlyCount "76"]
[EventDate "2020.05.17"]
[EventType "swiss (blitz)"]

1. e4 {[%emt 0:00:01]} e5 {[%emt 0:00:01]} 2. f3 {[%emt 0:00:01]} Nf6 {[%emt 0:00:01]} 3. Bc4 {[%emt 0:00:01]} d5 {[%emt 0:00:01]} 4. exd5 {[%emt 0:00:01]} Nxd5 {[%emt 0:00:00]} 5. c3 {[%emt 0:00:01]} Qh4+ {[%emt 0:00:02]} 6. g3 {[%emt 0:00:02]} Qxc4 {[%emt 0:00:01]} 7. d3 {[%emt 0:00:01]} Qc5 {[%emt 0:00:03]} 8. Ne2 {[%emt 0:00:02]} Bd6 {[%emt 0:00:01]} 9. d4 {[%emt 0:00:01]} exd4 {[%emt 0:00:01]} 10. cxd4 {[%emt 0:00:00]} Qb6 {[%emt 0:00:01]} 11. Nbc3 {[%emt 0:00:01]} Nxc3 {[%emt 0:00:01]} 12. bxc3 {[%emt 0:00:00]} O-O {[%emt 0:00:02]} 13. O-O {[%emt 0:00:01]} Bh3 {[%emt 0:00:01]} 14. Re1 {[%emt 0:00:01]} c5 {[%emt 0:00:01]} 15. Nf4 {[%emt 0:00:02]} cxd4 {[%emt 0:00:02]} 16. Nxh3 {[%emt 0:00:02]} dxc3+ {[%emt 0:00:01]} 17. Be3 {[%emt 0:00:01]} Bc5 {[%emt 0:00:00]} 18. Qc1 {[%emt 0:00:02]} Re8 {[%emt 0:00:03]} 19. Bxc5 {[%emt 0:00:05]} Qxc5+ {[%emt 0:00:00]} 20. Kg2 {[%emt 0:00:01]} Nc6 {[%emt 0:00:01]} 21. Qc2 {[%emt 0:00:04]} Nd4 {[%emt 0:00:03]} 22. Qd3 {[%emt 0:00:02]} b5 {[%emt 0:00:03]} 23. Re4 {[%emt 0:00:02]} Rxe4 {[%emt 0:00:02]} 24. Qxe4 {[%emt 0:00:02]} Rc8 {[%emt 0:00:02]} 25. Re1 {[%emt 0:00:02]} Ne6 {[%emt 0:00:02]} 26. a3 {[%emt 0:00:03]} c2 {[%emt 0:00:01]} 27. Rc1 {[%emt 0:00:02]} a5 {[%emt 0:00:01]} 28. Nf2 {[%emt 0:00:02]} b4 {[%emt 0:00:01]} 29. Nd3 {[%emt 0:00:01]} Qc4 {[%emt 0:00:01]} 30. Qxc4 {[%emt 0:00:01]} Rxc4 {[%emt 0:00:00]} 31. axb4 {[%emt 0:00:01]} axb4 {[%emt 0:00:00]} 32. Nxb4 {[%emt 0:00:01]} Rxb4 {[%emt 0:00:03]} 33. Rxc2 {[%emt 0:00:01]} h5 {[%emt 0:00:01]} 34. Rc6 {[%emt 0:00:01]} g6 {[%emt 0:00:01]} 35. g4 {[%emt 0:00:02]} hxg4 {[%emt 0:00:01]} 36. fxg4 {[%emt 0:00:01]} Rb3 {[%emt 0:00:00]} 37. h3 {[%emt 0:00:02]} Nf4+ {[%emt 0:00:01]} 38. Kh2 {[%emt 0:00:02]} Nxh3 {[%emt 0:00:00] Time (Lag: Av=0.44s, max=0.7s) .} 0-1

[Event "Stay Safe Play From Home 151"]
[Site "T#646137Emanuel Laske"]
[Date "2020.05.17"]
[Round "3"]
[White "Mandy"]
[Black "Weltszmerc"]
[Result "0-1"]
[WhiteElo "945"]
[BlackElo "2108"]
[Annotator "TA"]
[PlyCount "42"]
[EventDate "2020.05.17"]
[EventType "swiss (blitz)"]

{[%evp 9,42,9,0,-6,-6,-239,-243,-416,-424,-440,-429,-450,-447,-456,-433,-438,-430,-455,-463,-716,-643,-720,-520,-938,-950,-1042,-1029,-1029,-1014,-1033,-925,-1190,-1164,-1694,-1637]} 1. d4 b6 2. Bf4 Bb7 3. e3 d6 4. Nf3 Nd7 5. h3 g6 6. Bd3 {A40: Unusual replies to 1 d4.} Bg7 {[#] Strongly threatening ...e5.} 7. c3 $146 {[#]} (7. Nc3 $11 {and White has nothing to worry.}) ({Predecessor:} 7. Bh2 e6 8. Nbd2 Ne7 9. Qe2 a6 10. e4 h6 11. c3 Kf8 12. O-O Kg8 13. Rad1 {1-0 (35) Maze,S (2614)-Jessel,S (2334) Paris 2017}) 7... e5 $1 $19 8. d5 $2 (8. Bg5 f6 9. dxe5 dxe5 10. Bh4) 8... exf4 9. exf4 {Black is clearly winning.} Qe7+ 10. Qe2 Qxe2+ 11. Bxe2 Bxd5 12. Nbd2 Ngf6 13. Bd3 O-O 14. Nd4 (14. O-O $142) 14... Nc5 {[%cal Bd7c5,Bc5d3,Bd3f2][%mdl 32]} 15. Be2 Rfe8 16. c4 (16. O-O $142) 16... Bxg2 17. Rg1 Nd3+ 18. Kd1 Nxf2+ 19. Kc1 Be4 20. N2b3 c5 21. Nc6 Bxc6 {White did not feel at home in the position after the opening. Accuracy: White = 16%, Black = 92%.} 0-1

[Event "Stay Safe Play From Home 151"]
[Site "T#646137Emanuel Laske"]
[Date "2020.05.17"]
[Round "4"]
[White "XShot"]
[Black "SoulofWolf"]
[Result "1-0"]
[WhiteElo "2434"]
[BlackElo "2148"]
[Annotator "RC"]
[PlyCount "59"]
[EventDate "2020.05.17"]
[EventType "swiss (blitz)"]

1. d4 {[%emt 0:00:01]} f6 {[%emt 0:00:00]} 2. Nf3 {[%emt 0:00:00]} e6 {[%emt 0:00:00]} 3. Bf4 {[%emt 0:00:01]} Nh6 {[%emt 0:00:00]} 4. Bxh6 {[%emt 0:00:02]} gxh6 {[%emt 0:00:00]} 5. c3 {[%emt 0:00:01]} Qe7 {[%emt 0:00:00]} 6. Nbd2 {[%emt 0:00:00]} Qf7 {[%emt 0:00:00]} 7. e4 {[%emt 0:00:00]} Rg8 {[%emt 0:00:01]} 8. Bd3 {[%emt 0:00:00]} b6 {[%emt 0:00:01]} 9. g3 {[%emt 0:00:01]} Bb7 {[%emt 0:00:00]} 10. Qe2 {[%emt 0:00:00]} d6 {[%emt 0:00:00]} 11. O-O-O {[%emt 0:00:01]} Nd7 {[%emt 0:00:00]} 12. Rhe1 {[%emt 0:00:01]} O-O-O {[%emt 0:00:00]} 13. Ba6 {[%emt 0:00:01]} c6 {[%emt 0:00:00]} 14. Bxb7+ {[%emt 0:00:01]} Kxb7 {[%emt 0:00:00]} 15. Kb1 {[%emt 0:00:01]} h5 {[%emt 0:00:01]} 16. Nc4 {[%emt 0:00:01]} d5 {[%emt 0:00:03]} 17. Ncd2 {[%emt 0:00:02]} Bd6 {[%emt 0:00:01]} 18. a3 {[%emt 0:00:02]} Rde8 {[%emt 0:00:01]} 19. Rc1 {[%emt 0:00:01]} Qg7 {[%emt 0:00:00]} 20. c4 {[%emt 0:00:01]} Bc7 {[%emt 0:00:01]} 21. cxd5 {[%emt 0:00:01]} exd5 {[%emt 0:00:00]} 22. Qd3 {[%emt 0:00:02]} dxe4 {[%emt 0:00:03]} 23. Nxe4 {[%emt 0:00:01]} Qg6 {[%emt 0:00:02]} 24. Nh4 {[%emt 0:00:02]} Qg4 {[%emt 0:00:03]} 25. Qc2 {[%emt 0:00:01]} f5 {[%emt 0:00:02]} 26. Qxc6+ {[%emt 0:00:01]} Ka6 {[%emt 0:00:02]} 27. Qa4+ {[%emt 0:00:01]} Kb7 {[%emt 0:00:01]} 28. Qxd7 {[%emt 0:00:01]} Rxe4 {[%emt 0:00:04]} 29. Rxc7+ {[%emt 0:00:01]} Ka6 {[%emt 0:00:05]} 30. Qa4# {[%emt 0:00:02] (Lag: Av=0.42s, max=0.7s)} 1-0

[Event "Stay Safe Play From Home 151"]
[Site "T#646137Emanuel Laske"]
[Date "2020.05.17"]
[Round "4"]
[White "Mepe_Nika"]
[Black "Sfantul321"]
[Result "1-0"]
[WhiteElo "2311"]
[BlackElo "1969"]
[Annotator "NA"]
[PlyCount "105"]
[EventDate "2020.05.17"]
[EventType "swiss (blitz)"]

1. c4 {[%emt 0:00:01]} g6 {[%emt 0:00:00]} 2. h4 {[%emt 0:00:02]} Bg7 {[%emt 0:00:00]} 3. h5 {[%emt 0:00:00]} h6 {[%emt 0:00:02]} 4. hxg6 {[%emt 0:00:01]} fxg6 {[%emt 0:00:00]} 5. Qc2 {[%emt 0:00:00]} g5 {[%emt 0:00:02]} 6. Qg6+ {[%emt 0:00:01]} Kf8 {[%emt 0:00:01]} 7. e3 {[%emt 0:00:02]} Nf6 {[%emt 0:00:01]} 8. Nc3 {[%emt 0:00:02]} Qe8 {[%emt 0:00:01]} 9. Qc2 {[%emt 0:00:02]} Nc6 {[%emt 0:00:01]} 10. Nf3 {[%emt 0:00:01]} Nb4 {[%emt 0:00:02]} 11. Qb3 {[%emt 0:00:02]} c5 {[%emt 0:00:01]} 12. a3 {[%emt 0:00:01]} Nc6 {[%emt 0:00:01]} 13. d4 {[%emt 0:00:01]} cxd4 {[%emt 0:00:01]} 14. exd4 {[%emt 0:00:00]} d6 {[%emt 0:00:01]} 15. Bd3 {[%emt 0:00:01]} Bg4 {[%emt 0:00:02]} 16. Be3 {[%emt 0:00:02]} Bh5 {[%emt 0:00:01]} 17. O-O-O {[%emt 0:00:03]} Bg6 {[%emt 0:00:01]} 18. Kb1 {[%emt 0:00:01]} Bxd3+ {[%emt 0:00:01]} 19. Rxd3 {[%emt 0:00:00]} Qg6 {[%emt 0:00:01]} 20. Qc2 {[%emt 0:00:00]} Rc8 {[%emt 0:00:02]} 21. Rhd1 {[%emt 0:00:04]} Kf7 {[%emt 0:00:01]} 22. c5 {[%emt 0:00:03]} dxc5 {[%emt 0:00:03]} 23. dxc5 {[%emt 0:00:00]} Rhd8 {[%emt 0:00:01]} 24. Rxd8 {[%emt 0:00:01]} Qxc2+ {[%emt 0:00:01]} 25. Kxc2 {[%emt 0:00:00]} Rxd8 {[%emt 0:00:01]} 26. Rxd8 {[%emt 0:00:00]} Nxd8 {[%emt 0:00:01]} 27. b4 {[%emt 0:00:02]} a6 {[%emt 0:00:01]} 28. a4 {[%emt 0:00:01]} Ne6 {[%emt 0:00:01]} 29. Ne5+ {[%emt 0:00:01]} Ke8 {[%emt 0:00:02]} 30. b5 {[%emt 0:00:00]} Nd7 {[%emt 0:00:03]} 31. Nxd7 {[%emt 0:00:02]} Kxd7 {[%emt 0:00:00]} 32. c6+ {[%emt 0:00:01]} bxc6 {[%emt 0:00:01]} 33. bxa6 {[%emt 0:00:00]} Nc7 {[%emt 0:00:01]} 34. a7 {[%emt 0:00:01]} Kc8 {[%emt 0:00:01]} 35. a5 {[%emt 0:00:01]} Kb7 {[%emt 0:00:01]} 36. Ne4 {[%emt 0:00:01]} Nd5 {[%emt 0:00:02]} 37. Nc5+ {[%emt 0:00:03]} Ka8 {[%emt 0:00:03]} 38. Ne6 {[%emt 0:00:01]} Nxe3+ {[%emt 0:00:02]} 39. fxe3 {[%emt 0:00:01]} Be5 {[%emt 0:00:00]} 40. Kd3 {[%emt 0:00:01]} Kxa7 {[%emt 0:00:01]} 41. Ke4 {[%emt 0:00:01]} Bf6 {[%emt 0:00:01]} 42. Nd8 {[%emt 0:00:01]} Ka6 {[%emt 0:00:03]} 43. Nxc6 {[%emt 0:00:01]} Kb5 {[%emt 0:00:01]} 44. Kd5 {[%emt 0:00:01]} h5 {[%emt 0:00:01]} 45. Nd4+ {[%emt 0:00:02]} Kxa5 {[%emt 0:00:01]} 46. Nf3 {[%emt 0:00:01]} g4 {[%emt 0:00:01]} 47. Ke6 {[%emt 0:00:00]} gxf3 {[%emt 0:00:01]} 48. gxf3 {[%emt 0:00:00]} h4 {[%emt 0:00:00]} 49. e4 {[%emt 0:00:02]} h3 {[%emt 0:00:00]} 50. e5 {[%emt 0:00:00]} h2 {[%emt 0:00:01]} 51. exf6 {[%emt 0:00:01]} exf6 {[%emt 0:00:00]} 52. f4 {[%emt 0:00:01]} h1=Q {[%emt 0:00:00]} 53. f5 {[%emt 0:00:00] Time ' (Lag: Av=0.30s, max=0.9s)} 1-0

[Event "Stay Safe Play From Home 151"]
[Site "T#646137Emanuel Laske"]
[Date "2020.05.17"]
[Round "4"]
[White "Lazieri3"]
[Black "Castlingarrocco"]
[Result "0-1"]
[WhiteElo "2169"]
[BlackElo "1988"]
[Annotator "RC"]
[PlyCount "138"]
[EventDate "2020.05.17"]
[EventType "swiss (blitz)"]

1. e4 {[%emt 0:00:01]} g6 {[%emt 0:00:00]} 2. Nc3 {[%emt 0:00:00]} Bg7 {[%emt 0:00:00]} 3. Nf3 {[%emt 0:00:00]} c6 {[%emt 0:00:00]} 4. d4 {[%emt 0:00:00]} d5 {[%emt 0:00:01]} 5. Be3 {[%emt 0:00:01]} e6 {[%emt 0:00:01]} 6. Qd2 {[%emt 0:00:01]} h6 {[%emt 0:00:01]} 7. e5 {[%emt 0:00:01]} Ne7 {[%emt 0:00:01]} 8. Bd3 {[%emt 0:00:01]} g5 {[%emt 0:00:00]} 9. h3 {[%emt 0:00:01]} Nf5 {[%emt 0:00:00]} 10. O-O-O {[%emt 0:00:02]} Bd7 {[%emt 0:00:01]} 11. g4 {[%emt 0:00:02]} Nxe3 {[%emt 0:00:01]} 12. fxe3 {[%emt 0:00:00]} Na6 {[%emt 0:00:01]} 13. Bxa6 {[%emt 0:00:02]} bxa6 {[%emt 0:00:01]} 14. e4 {[%emt 0:00:01]} Qb6 {[%emt 0:00:02]} 15. Na4 {[%emt 0:00:03]} Qb8 {[%emt 0:00:03]} 16. exd5 {[%emt 0:00:01]} cxd5 {[%emt 0:00:01]} 17. Nc5 {[%emt 0:00:01]} Qb5 {[%emt 0:00:02]} 18. Nxd7 {[%emt 0:00:01]} Kxd7 {[%emt 0:00:00]} 19. Ne1 {[%emt 0:00:03]} Raf8 {[%emt 0:00:02]} 20. Nd3 {[%emt 0:00:01]} f6 {[%emt 0:00:02]} 21. Nc5+ {[%emt 0:00:01]} Kc6 {[%emt 0:00:01]} 22. Nxe6 {[%emt 0:00:02]} Rb8 {[%emt 0:00:00]} 23. b3 {[%emt 0:00:04]} Bf8 {[%emt 0:00:02]} 24. Nxf8 {[%emt 0:00:01]} Rhxf8 {[%emt 0:00:00]} 25. exf6 {[%emt 0:00:01]} Rxf6 {[%emt 0:00:01]} 26. Qc3+ {[%emt 0:00:01]} Kd6 {[%emt 0:00:02]} 27. Rhe1 {[%emt 0:00:00]} Rbf8 {[%emt 0:00:03]} 28. Qe3 {[%emt 0:00:03]} Kc7 {[%emt 0:00:02]} 29. Qe7+ {[%emt 0:00:01]} Qd7 {[%emt 0:00:01]} 30. Qxd7+ {[%emt 0:00:01]} Kxd7 {[%emt 0:00:00]} 31. Re5 {[%emt 0:00:01]} Kd6 {[%emt 0:00:01]} 32. Rde1 {[%emt 0:00:01]} a5 {[%emt 0:00:01]} 33. Re7 {[%emt 0:00:01]} Rf1 {[%emt 0:00:02]} 34. Rxf1 {[%emt 0:00:01]} Rxf1+ {[%emt 0:00:00]} 35. Kb2 {[%emt 0:00:01]} Rf3 {[%emt 0:00:01]} 36. c4 {[%emt 0:00:00]} dxc4 {[%emt 0:00:01]} 37. Rxa7 {[%emt 0:00:01]} Rxh3 {[%emt 0:00:00]} 38. bxc4 {[%emt 0:00:01]} Kc6 {[%emt 0:00:01]} 39. Rxa5 {[%emt 0:00:01]} Kb6 {[%emt 0:00:00]} 40. Rf5 {[%emt 0:00:01]} h5 {[%emt 0:00:02]} 41. Rxg5 {[%emt 0:00:01]} h4 {[%emt 0:00:01]} 42. Rg6+ {[%emt 0:00:01]} Ka5 {[%emt 0:00:01]} 43. d5 {[%emt 0:00:01]} Kb4 {[%emt 0:00:00]} 44. d6 {[%emt 0:00:01]} Rd3 {[%emt 0:00:01]} 45. Rh6 {[%emt 0:00:03]} Rd2+ {[%emt 0:00:01]} 46. Kc1 {[%emt 0:00:01]} Rd3 {[%emt 0:00:01]} 47. Rxh4 {[%emt 0:00:01]} Rxd6 {[%emt 0:00:00]} 48. g5 {[%emt 0:00:00]} Kc5 {[%emt 0:00:00]} 49. Rg4 {[%emt 0:00:01]} Rg6 {[%emt 0:00:01]} 50. Kc2 {[%emt 0:00:01]} Kd6 {[%emt 0:00:00]} 51. Kc3 {[%emt 0:00:00]} Ke5 {[%emt 0:00:00]} 52. Rd4 {[%emt 0:00:01]} Kf5 {[%emt 0:00:00]} 53. Rd5+ {[%emt 0:00:00]} Kf4 {[%emt 0:00:01]} 54. a4 {[%emt 0:00:00]} Rg8 {[%emt 0:00:00]} 55. g6 {[%emt 0:00:01]} Rb8 {[%emt 0:00:00]} 56. Rd4+ {[%emt 0:00:00]} Ke5 {[%emt 0:00:02]} 57. Rd5+ {[%emt 0:00:00]} Ke6 {[%emt 0:00:01]} 58. Rb5 {[%emt 0:00:00]} Rg8 {[%emt 0:00:00]} 59. Rb6+ {[%emt 0:00:00]} Kf5 {[%emt 0:00:01]} 60. Kb4 {[%emt 0:00:00]} Kf4 {[%emt 0:00:00]} 61. a5 {[%emt 0:00:00]} Ke3 {[%emt 0:00:00]} 62. c5 {[%emt 0:00:00]} Kd3 {[%emt 0:00:00]} 63. Kb5 {[%emt 0:00:00]} Re8 {[%emt 0:00:00]} 64. Rd6+ {[%emt 0:00:00]} Kc3 {[%emt 0:00:01]} 65. Rb6 {[%emt 0:00:00]} Rc8 {[%emt 0:00:01]} 66. a6 {[%emt 0:00:00]} Re8 {[%emt 0:00:00]} 67. a7 {[%emt 0:00:00]} Re4 {[%emt 0:00:00]} 68. Rb8 {[%emt 0:00:00]} Rb4+ {[%emt 0:00:00]} 69. Kc6 {[%emt 0:00:01]} Ra4 {[%emt 0:00:00] Time (Lag: Av=0.56s, max=1.5s)} 0-1

[Event "Stay Safe Play From Home 151"]
[Site "T#646137Emanuel Laske"]
[Date "2020.05.17"]
[Round "4"]
[White "Weltszmerc"]
[Black "Edmatuag"]
[Result "1-0"]
[WhiteElo "2109"]
[BlackElo "1647"]
[Annotator "TA"]
[PlyCount "63"]
[EventDate "2020.05.17"]
[EventType "swiss (blitz)"]

{[%evp 11,63,28,22,0,0,0,-9,-10,125,129,229,131,217,217,268,269,358,359,429,331,332,268,397,392,419,393,398,390,368,284,275,243,314,307,384,356,351,345,350,333,320,272,310,256,241,191,187,146,178,133,152,148,143,131]} 1. d4 d5 2. c4 e6 3. Nf3 Nf6 4. g3 Nbd7 5. Bg2 c6 6. O-O dxc4 7. Nbd2 {E04: Open Catalan: 5 Nf3.} b5 8. Qc2 Bb7 9. b3 {[%cal Bb2b3,Bb3c4,Bc4c5][%mdl 32] [#] The position is equal.} Nb6 $146 (9... cxb3 $11 {keeps the balance.} 10. axb3 c5) ({Predecessor:} 9... c3 10. Qxc3 c5 {½-½ (10) Saduakassova,D (2449)-Agmanov,Z (2377) Almaty 2017}) 10. bxc4 $16 b4 (10... Be7 $16 {might work better.}) 11. Bb2 ({Better is} 11. a3 $18) 11... a5 (11... c5 $16) 12. Ne5 $18 Rc8 13. c5 Nbd5 14. e4 Ne7 15. Ndc4 {[#] Nd6+ is the strong threat.} Ng6 16. Nb6 Rc7 (16... Nxe5 {was called for.} 17. Nxc8 Qxc8 18. dxe5 Nd7) 17. Nec4 Be7 18. e5 Nd5 19. Nd6+ Kf8 20. Nbc4 Ba6 21. Rfe1 Bxc4 22. Qxc4 ({Don't play} 22. Nxc4 h5 $18) 22... Bxd6 23. exd6 Ra7 24. h4 Kg8 25. h5 Nf8 {[%cal Bg6f8,Bf8d7,Bd7f6,Bf6g4][%mdl 32]} 26. Qe2 h6 27. Be4 Nd7 28. Rac1 {White is clearly better.} N7f6 29. Bb1 Qd7 30. Qe5 Ng4 31. Qe4 Ngf6 32. Qe2 {Black got outplayed after the opening. Accuracy: White = 52%, Black = 35%.} 1-0

[Event "Stay Safe Play From Home 151"]
[Site "T#646137Emanuel Laske"]
[Date "2020.05.17"]
[Round "4"]
[White "Don59as"]
[Black "Lucknow"]
[Result "1-0"]
[WhiteElo "2036"]
[BlackElo "1771"]
[Annotator "NA"]
[PlyCount "49"]
[EventDate "2020.05.17"]
[EventType "swiss (blitz)"]

1. c4 {[%emt 0:00:01]} c6 {[%emt 0:00:01]} 2. e4 {[%emt 0:00:01]} d6 {[%emt 0:00:01]} 3. Nc3 {[%emt 0:00:01]} g6 {[%emt 0:00:00]} 4. g3 {[%emt 0:00:01]} Bg7 {[%emt 0:00:00]} 5. Bg2 {[%emt 0:00:00]} Nf6 {[%emt 0:00:00]} 6. Nge2 {[%emt 0:00:01]} O-O {[%emt 0:00:01]} 7. O-O {[%emt 0:00:01]} Nbd7 {[%emt 0:00:01]} 8. d3 {[%emt 0:00:01]} e5 {[%emt 0:00:01]} 9. d4 {[%emt 0:00:01]} exd4 {[%emt 0:00:01]} 10. Nxd4 {[%emt 0:00:00]} Ne5 {[%emt 0:00:01]} 11. b3 {[%emt 0:00:01]} Qe7 {[%emt 0:00:02]} 12. Bb2 {[%emt 0:00:01]} Neg4 {[%emt 0:00:02]} 13. Re1 {[%emt 0:00:01]} Qc7 {[%emt 0:00:04]} 14. h3 {[%emt 0:00:01]} Ne5 {[%emt 0:00:01]} 15. Rc1 {[%emt 0:00:01]} Re8 {[%emt 0:00:02]} 16. f4 {[%emt 0:00:01]} Ned7 {[%emt 0:00:01]} 17. Kh2 {[%emt 0:00:02]} Nc5 {[%emt 0:00:01]} 18. Qd2 {[%emt 0:00:02]} Ne6 {[%emt 0:00:00]} 19. Nd5 {[%emt 0:00:01]} cxd5 {[%emt 0:00:03]} 20. cxd5 {[%emt 0:00:01]} Qe7 {[%emt 0:00:01]} 21. dxe6 {[%emt 0:00:01]} fxe6 {[%emt 0:00:00]} 22. e5 {[%emt 0:00:02]} Nd5 {[%emt 0:00:02]} 23. Bxd5 {[%emt 0:00:02]} exd5 {[%emt 0:00:00]} 24. exd6 {[%emt 0:00:01]} Qxd6 {[%emt 0:00:00]} 25. Rxe8+ {[%emt 0:00:02] Lucknow gibt auf (Lag: Av=0.42s, max=0.5s)} 1-0

[Event "Stay Safe Play From Home 151"]
[Site "T#646137Emanuel Laske"]
[Date "2020.05.17"]
[Round "4"]
[White "Haxhi Baha"]
[Black "MartinKestler"]
[Result "0-1"]
[WhiteElo "1975"]
[BlackElo "1926"]
[Annotator "TA"]
[PlyCount "68"]
[EventDate "2020.05.17"]
[EventType "swiss (blitz)"]

{[%evp 12,68,11,18,22,21,27,15,17,6,10,-21,-21,-54,-42,-65,-47,-52,5,12,0,8,14,-179,-18,-62,33,-898,-775,-875,-867,-900,-897,-890,-863,-877,-672,-1379,-1264,-1131,-945,-842,-813,-2345,-1709,-29958,-29945,-29953,-10559,-29975,-29975,-29979,-29967,-29985,-29986,-29989,-29990,-29991,-29992]} 1. e4 e6 2. d4 d5 3. exd5 exd5 4. Nf3 Nf6 5. Bd3 Be7 6. O-O O-O 7. h3 b6 {C01: French: Exchange Variation.} 8. Re1 Bb7 {[#]} 9. b3 $146 ({Predecessor:} 9. Bg5 Nbd7 10. Nbd2 Re8 11. c3 a6 12. Rc1 c5 13. Re3 c4 14. Bb1 Qc7 15. Nh4 {1-0 (27) Wang,Z (1933)-Huang,M (1677) Changsha 2019}) 9... Nbd7 {The position is equal.} 10. Bb2 c5 11. Nc3 Re8 12. Nb5 a6 13. Nc3 b5 14. Bf5 g6 (14... Qc7 $15) 15. Bxd7 $1 $11 Qxd7 16. dxc5 Bxc5 {[#] And now ...d4 would win.} 17. Qd3 $2 (17. Nxb5 $1 $11 {[%mdl 512] and White has nothing to worry.} Bxf2+ (17... axb5 18. Bxf6) 18. Kxf2 Rxe1 19. Kxe1 Re8+ 20. Kf1 Qxb5+ 21. Qd3 Qxd3+ 22. cxd3) 17... Rxe1+ $2 (17... d4 $19 {Threatens to win with ...Bxf3.} 18. Ne2 Be4) 18. Rxe1 Re8 (18... d4 $15 19. Ne2 Be4) 19. Re7 $2 {[%mdl 8192] White is now going downhill.} (19. Rxe8+ $14 Nxe8 20. a4) 19... Rxe7 20. Nxb5 Qxb5 21. Qxb5 axb5 22. Bxf6 Re6 23. Bb2 {[#]} d4 $1 24. Kf1 (24. Bxd4 Be7) 24... Bxf3 25. gxf3 Rf6 26. Ke2 Ra6 27. a4 bxa4 28. bxa4 Rxa4 29. Kd3 f5 30. f4 Kf7 {Black mates.} 31. f3 Ke6 32. h4 Kd5 33. h5 gxh5 34. Bc1 h4 {Accuracy: White = 45%, Black = 63%.} 0-1

[Event "Stay Safe Play From Home 151"]
[Site "T#646137Emanuel Laske"]
[Date "2020.05.17"]
[Round "4"]
[White "Trotsky"]
[Black "Indianquant"]
[Result "0-1"]
[WhiteElo "1611"]
[BlackElo "2261"]
[Annotator "RC"]
[PlyCount "46"]
[EventDate "2020.05.17"]
[EventType "swiss (blitz)"]

1. d4 {[%emt 0:00:01]} Nf6 {[%emt 0:00:01]} 2. e3 {[%emt 0:00:00]} e6 {[%emt 0:00:01]} 3. c4 {[%emt 0:00:01]} b6 {[%emt 0:00:01]} 4. Nc3 {[%emt 0:00:01]} Bb7 {[%emt 0:00:01]} 5. f3 {[%emt 0:00:01]} Bb4 {[%emt 0:00:01]} 6. Bd3 {[%emt 0:00:01]} O-O {[%emt 0:00:01]} 7. Qc2 {[%emt 0:00:01]} c5 {[%emt 0:00:01]} 8. Bd2 {[%emt 0:00:01]} cxd4 {[%emt 0:00:01]} 9. exd4 {[%emt 0:00:01]} h6 {[%emt 0:00:00]} 10. h4 {[%emt 0:00:04]} Re8 {[%emt 0:00:01]} 11. Nh3 {[%emt 0:00:01]} d5 {[%emt 0:00:01]} 12. Ng5 {[%emt 0:00:01]} Nc6 {[%emt 0:00:02]} 13. Bh7+ {[%emt 0:00:02]} Kf8 {[%emt 0:00:01]} 14. Be3 {[%emt 0:00:01]} dxc4 {[%emt 0:00:01]} 15. O-O-O {[%emt 0:00:01]} Ne7 {[%emt 0:00:05]} 16. Bg6 {[%emt 0:00:21]} Nxg6 {[%emt 0:00:03]} 17. h5 {[%emt 0:00:03]} Ne7 {[%emt 0:00:01]} 18. Nxe6+ {[%emt 0:00:04]} fxe6 {[%emt 0:00:02]} 19. d5 {[%emt 0:00:07]} Bxd5 {[%emt 0:00:02]} 20. Bd4 {[%emt 0:00:01]} Nf5 {[%emt 0:00:03]} 21. Bxf6 {[%emt 0:00:03]} Qxf6 {[%emt 0:00:00]} 22. g4 {[%emt 0:00:01]} Ne3 {[%emt 0:00:01]} 23. Qe2 {[%emt 0:00:02]} Bxc3 {[%emt 0:00:01] Âðåìÿ (Lag: Av=0.49s, max=0.9s) .} 0-1

[Event "Stay Safe Play From Home 151"]
[Site "T#646137Emanuel Laske"]
[Date "2020.05.17"]
[Round "4"]
[White "Parth11"]
[Black "Chase the sun"]
[Result "1-0"]
[WhiteElo "1259"]
[BlackElo "1903"]
[Annotator "NA"]
[PlyCount "47"]
[EventDate "2020.05.17"]
[EventType "swiss (blitz)"]

1. e3 {[%emt 0:00:04]} e6 {[%emt 0:00:01]} 2. d3 {[%emt 0:00:00]} f5 {[%emt 0:00:01]} 3. c3 {[%emt 0:00:00]} Nf6 {[%emt 0:00:00]} 4. Bd2 {[%emt 0:00:00]} Be7 {[%emt 0:00:01]} 5. Qc2 {[%emt 0:00:00]} O-O {[%emt 0:00:00]} 6. Be2 {[%emt 0:00:00]} d6 {[%emt 0:00:00]} 7. Nf3 {[%emt 0:00:00]} Qe8 {[%emt 0:00:00]} 8. O-O {[%emt 0:00:01]} e5 {[%emt 0:00:01]} 9. Na3 {[%emt 0:00:02]} Nc6 {[%emt 0:00:01]} 10. e4 {[%emt 0:00:01]} f4 {[%emt 0:00:01]} 11. g3 {[%emt 0:00:02]} g5 {[%emt 0:00:02]} 12. gxf4 {[%emt 0:00:02]} gxf4 {[%emt 0:00:01]} 13. Qb3+ {[%emt 0:00:02]} Kh8 {[%emt 0:00:01]} 14. d4 {[%emt 0:00:02]} Ng4 {[%emt 0:00:02]} 15. c4 {[%emt 0:00:00]} Rg8 {[%emt 0:00:01]} 16. Kh1 {[%emt 0:00:01]} Qh5 {[%emt 0:00:01]} 17. Rg1 {[%emt 0:00:05]} Bd7 {[%emt 0:00:03]} 18. Rg2 {[%emt 0:00:01]} Nd8 {[%emt 0:00:03]} 19. dxe5 {[%emt 0:00:04]} dxe5 {[%emt 0:00:02]} 20. Bc3 {[%emt 0:00:02]} Nf7 {[%emt 0:00:01]} 21. Qc2 {[%emt 0:00:02]} Ngh6 {[%emt 0:00:07]} 22. Rag1 {[%emt 0:00:00]} Bg4 {[%emt 0:00:04]} 23. Nxe5 {[%emt 0:00:03]} Bxe2 {[%emt 0:00:01]} 24. Nxf7# {[%emt 0:00:01] (Lag: Av=0.58s, max=1.1s)} 1-0